000
00236nam a2200085Ia 4500
245
0
_a
Marine life
100
_a
Matthews, Lynne Auckland Park, South Africa, 2011
_9
79683
942
_c
BK
008
210817s9999 xx 000 0 und d
999
_c
324987
_d
324986